Business Math Demystified a self Teaching Guide (Record no. 347328)
[ view plain ]
| 000 -LEADER | |
|---|---|
| fixed length control field | 00253 a2200097 4500 |
| 090 ## - LOCALLY ASSIGNED LC-TYPE CALL NUMBER (OCLC); LOCAL CALL NUMBER (RLIN) | |
| -- | 4898 |
| -- | 4898 |
| 100 ## - MAIN ENTRY--PERSONAL NAME | |
| Personal name | Allan G.Bluman |
| 245 ## - TITLE STATEMENT | |
| Title | Business Math Demystified a self Teaching Guide |
| 260 ## - PUBLICATION, DISTRIBUTION, ETC. | |
| Place of publication, distribution, etc. | Mc Graw Hill |
| Date of publication, distribution, etc. | 2006 |
| 942 ## - ADDED ENTRY ELEMENTS (KOHA) | |
| Institution code [OBSOLETE] | NBS |
| Koha item type | Book |
| Call number prefix | 650.01513 BLU |
| Withdrawn status | Lost status | Damaged status | Not for loan | Permanent Location | Current Location | Date acquired | Total Checkouts | Full call number | Barcode | Date last seen | Price effective from | Koha item type | Source of classification or shelving scheme | Collection code | Shelving location | Date last checked out |
|---|---|---|---|---|---|---|---|---|---|---|---|---|---|---|---|---|
| Central Library (CL) | Central Library (CL) | 08/28/2013 | 650.01513 BLU | NBSP-290 | 08/28/2013 | 08/28/2013 | Book | |||||||||
| Central Library (CL) | Central Library (CL) | 05/21/2014 | 1 | 650.01513 BLU 2006 | NBSP-291 | 06/12/2014 | 05/21/2014 | Book | General Stacks | 05/21/2014 |
